Normal view
MARC view
- المحاسبة-تدقيق الحسابات-النظرية المحاسبية
Entry Topical Term
001 - CONTROL NUMBER
- control field: 61475
003 - CONTROL NUMBER IDENTIFIER
- control field: JO-AjAnu
005 - DATE AND TIME OF LATEST TRANSACTION
- control field: 20230606084039.0
008 - FIXED-LENGTH DATA ELEMENTS
- fixed length control field: 230606|| aca||aabn | a|a d
040 ## - CATALOGING SOURCE
- Original cataloging agency: JO-AjAnu
- Transcribing agency: JO-AjAnu
150 ## - HEADING--TOPICAL TERM
- Topical term or geographic name entry element: المحاسبة-تدقيق الحسابات-النظرية المحاسبية
670 ## - SOURCE DATA FOUND
- Source citation: Work cat.: (JO-AjAnu)31357: الحساني، وعد هادي عبد وآخرون، م.مشارك عقيل دخيل كريم الاعاجيبي، م.مشارك محمد جمعة كريم البركي, author 61474, مدخل معاصر للنظرية المحاسبية